Szczecin czy Poznań - Statystyki

Ogólne statystyki
  • Ten quiz został rozwiązany 432 razy
  • Średni wynik to 13 z 15
Statystyki odpowiedzi
Zagadnienie Odpowiedź % Poprawnych
Jego tablice rejestracyjne się rozpoczynają PO Poznań
99%
Jest z niego bliżej do Warszawy Poznań
99%
Leży na pomorzu zachodnim Szczecin
96%
W PRL słynęło z stoczni Szczecin
95%
Przed II wojną światową należało do Polski Poznań
94%
Posiada więcej mieszkańców Poznań
93%
Był stolicą Polski Poznań
92%
Jest z niego bliżej do Berlina Szczecin
90%
Posiada jedno z 3 największych jezior w Polsce w swoich granicach Szczecin
89%
Posiada większy stadion piłkarski Poznań
88%
Prezydentem jest Piotr Krzystek Szczecin
88%
Przepływa przez nie Warta Poznań
84%
Posiada większa gęstość zaludnienia Poznań
81%
Jest większe powierzchniowo Szczecin
69%
Dostało szybciej prawa miejskie Szczecin
28%
Nie znaleziono quizów pasujących do podanych kryteriów
Rozkład punktacji
Procent ludzi z każdym wynikiem
Percentyl według liczby udzielonych odpowiedzi
Twoja historia wyników
Nie rozwiązałeś tego quizu